World Without 'END' Quiz Stats

 Plays Quiz Updated Aug 9, 2018

Challenge
Share
Tweet
Embed
Score 0/43 Timer 08:00
15 Plays Today
Country % Correct
Russia
85.1%
Australia
83.6%
Brazil
80.7%
Austria
77.8%
Italy
76.7%
Portugal
75.8%
Iraq
71.5%
Cuba
67.5%
Laos
66.2%
Colombia
65.7%
Uruguay
65.5%
Fiji
64.3%
South Africa
63.7%
Latvia
63.5%
Paraguay
63.5%
Morocco
62.8%
Libya
60.5%
Jamaica
60.3%
Mali
59.4%
Haiti
58.7%
Croatia
57.6%
Bolivia
56.7%
Country % Correct
Togo
55.2%
Costa Rica
54.2%
Qatar
54%
Bahamas
53.5%
Malta
53.2%
Zambia
52.9%
Kosovo
52.7%
Syria
52.3%
Cyprus
52.2%
Slovakia
52%
Malaysia
48.9%
Kuwait
47.9%
Bulgaria
47.1%
Comoros
46.7%
Somalia
46.4%
Palau
44.6%
Tuvalu
43.8%
Samoa
43.2%
Kiribati
42.7%
Malawi
42.6%
Mauritius
37.7%

You're not logged in!

Compare scores with friends on all Sporcle quizzes.
Join for Free
OR
Log In

You Might Also Like...

Show Comments

Extras

Top Quizzes Today


Score Distribution

Your Account Isn't Verified!

In order to create a playlist on Sporcle, you need to verify the email address you used during registration. Go to your Sporcle Settings to finish the process.

Report this User

Report this user for behavior that violates our Community Guidelines.

Details: